000 00736nam a2200229 i 4500
001 178274
003 ES-MaACL
005 20230906220514.0
008 110524s2006 sp a |||| | spa d
020 _a84-934459-4-0
080 _a821.134.2-14"19"
100 1 _aDíaz-Pinés, Octavio.
_944392
245 1 0 _aMemorial de servidumbres /
_cOctavio Díaz-Pinés Fernández-Pacheco.
260 _aCórdoba :
_bEdisur,
_c[2006]
300 _a100 p. :
_bil. ;
_c21 cm.
500 _aÍndice.
504 _aBibliografía: p. 99-100.
852 _aES-MaACL
_9185133
_bR.144428
_jA-11235
_cDEPO1
_dOlim: N-4239
_xDonación: Editorial
942 _2udc
_cMONOGRAFIA
999 _c178274
_d178274